[Event "TCh-FRA, Monaco FRA"]
[Site "?"]
[Date "2001.??.??"]
[Round "3"]
[White "Fontaine, R."]
[Black "Guidarelli, L."]
[Result "1/2-1/2"]
[WhiteElo "2450"]
[BlackElo "2295"]
[PlyCount "73"]
[EventDate "2001.??.??"]
[Source "www.chesslib.no"]
[SourceDate "2004.05.04"]

1. e4 c5 2. Nf3 d6 3. d4 Nf6 4. Nc3 cxd4 5. Nxd4 a6 6. h3 g6 7. g4 Bg7 8. g5 Nfd7 9. h4 Nc6 10. Be3 Nde5 11. Be2 Na5 12. b3 Nac6 13. Nd5 Ng4 14. Bxg4 Bxg4 15. Qxg4 Nxd4 16. O-O-O Nb5 17. Bb6 Qc8 18. Qxc8+ Rxc8 19. c4 Nc3 20. Rd3 Nxd5 21. exd5 h6 22. f4 Kd7 23. Rdh3 hxg5 24. hxg5 Rxh3 25. Rxh3 Rh8 26. Rxh8 Bxh8 27. Kd2 f5 28. gxf6 Bxf6 29. Kd3 e5 30. dxe6+ Kxe6 31. Ke4 Bc3 32. a4 Bd2 33. Bd4 Bb4 34. Bb2 Bd2 35. Ba3 Bc3 36. b4 Be1 37. b5 1/2-1/2

[Event "FRA Team Ch"]
[Site "France"]
[Date "1989.??.??"]
[Round "?"]
[White "Bremond, Eric"]
[Black "Miralles, Gilles"]
[Result "0-1"]
[WhiteElo "2345"]
[BlackElo "2400"]
[PlyCount "48"]
[EventDate "1989.??.??"]
[Source "www.chesslib.no"]
[SourceDate "2004.05.04"]

1. e4 c5 2. Nf3 d6 3. d4 cxd4 4. Nxd4 Nf6 5. Nc3 a6 6. h3 b5 7. Nd5 Nxd5 8. exd5 Bb7 9. c4 g6 10. Bg5 Bg7 11. Qd2 O-O 12. b3 Nd7 13. Be2 Nc5 14. Bf3 bxc4 15. bxc4 Qc7 16. Rb1 e5 17. dxe6 Ne4 18. Qd3 Nxg5 19. Rxb7 Nxf3+ 20. Qxf3 Qa5+ 21. Ke2 Qe5+ 22. Kf1 fxe6 23. Rxg7+ Kxg7 24. Qg4 Rae8 0-1

[Event "Helsinki op 3rd"]
[Site "Helsinki"]
[Date "2001.??.??"]
[Round "3"]
[White "Kiik, Kalle"]
[Black "Sorri, Kari Juhani"]
[Result "1-0"]
[WhiteElo "2450"]
[BlackElo "2294"]
[PlyCount "125"]
[EventDate "2001.??.??"]
[Source "ChessBase"]
[SourceDate "2002.01.21"]

1. e4 c5 2. Nf3 d6 3. d4 cxd4 4. Nxd4 Nf6 5. Nc3 a6 6. h3 g6 7. g4 Bg7 8. Bg2 O-O 9. O-O Nc6 10. Nde2 Be6 11. Nd5 Rc8 12. c3 Na5 13. Rb1 b5 14. Be3 Nc4 15. Bd4 Nxd5 16. exd5 Bd7 17. b3 Na5 18. Bxg7 Kxg7 19. Qd4+ Kg8 20. Rbc1 Nb7 21. b4 Rc4 22. Qe3 f5 23. gxf5 Rxf5 24. Nd4 Re5 25. Qg3 Qf8 26. f4 Rh5 27. Rce1 Nd8 28. Re3 Rc7 29. Rfe1 Bf5 30. R1e2 Qf6 31. Kh2 Kf8 32. Qf2 Bg4 33. Re1 Bf5 34. Rg3 Qh4 35. Nxf5 Rxf5 36. Qb6 Rd7 37. Qxa6 Qxf4 38. Qxb5 Rc7 39. Re4 Qd2 40. Qb6 Rd7 41. a4 Nf7 42. Qe3 Qa2 43. Rf4 Re5 44. Qf2 Qxf2 45. Rxf2 Kg7 46. a5 Re1 47. Ra2 Rb1 48. a6 Ra7 49. Rf3 Ne5 50. Rff2 Nc4 51. Bf1 Nb6 52. Rad2 Rb3 53. Rf3 Na4 54. b5 Nb6 55. Kg3 Rb1 56. c4 Rc1 57. h4 Nxc4 58. Bxc4 Rxc4 59. Rb3 Rc8 60. Ra2 Rb8 61. b6 Raa8 62. b7 Ra7 63. Rb6 1-0

[Event "ST Lee Cup 4th"]
[Site "Beijing"]
[Date "1997.08.25"]
[Round "3"]
[White "Zhang Pengxiang"]
[Black "Wang Pin"]
[Result "1-0"]
[WhiteElo "2360"]
[BlackElo "2380"]
[PlyCount "77"]
[EventDate "1997.08.23"]
[Source "ChessBase"]
[SourceDate "1997.11.23"]

1. e4 c5 2. Nf3 d6 3. d4 cxd4 4. Nxd4 Nf6 5. Nc3 a6 6. h3 Nc6 7. Be3 e6 8. g4 Be7 9. g5 Nd7 10. h4 Qc7 11. h5 b5 12. Nxc6 Qxc6 13. Qd4 Rg8 14. a4 b4 15. Qxb4 Rb8 16. Qc4 Qa8 17. Rb1 Ne5 18. Qe2 Qc6 19. Bd2 Rb4 20. Rh3 Nc4 21. Bc1 d5 22. exd5 exd5 23. Rd3 Be6 24. Bg2 Nb6 25. a5 Rg4 26. f3 Rxg2 27. Qxg2 Nc4 28. f4 Bb4 29. Kf1 Bxc3 30. Rxc3 Kd7 31. Be3 Re8 32. Bd4 g6 33. b3 Qb5 34. Kg1 Qb4 35. Rd1 Nd6 36. Be5 Qxa5 37. Qf2 Ra8 38. Rc5 Qb4 39. Rcxd5 1-0

[Event "SVK-chT 9798"]
[Site "SVK"]
[Date "1998.??.??"]
[Round "7"]
[White "Manik, Mikulas"]
[Black "Debnar, Lubos"]
[Result "1/2-1/2"]
[WhiteElo "2460"]
[BlackElo "2280"]
[PlyCount "41"]
[EventDate "1997.??.??"]
[Source "www.chesslib.no"]
[SourceDate "2004.05.04"]

1. e4 c5 2. Nf3 d6 3. d4 cxd4 4. Nxd4 Nf6 5. Nc3 a6 6. h3 g6 7. g4 Bg7 8. Bg2 O-O 9. O-O Bd7 10. Be3 Nc6 11. Nce2 Nxd4 12. Bxd4 Bc6 13. g5 Nh5 14. Bxg7 Nxg7 15. Qd2 Qb6 16. b3 f5 17. gxf6 Rxf6 18. Qd4 Qb5 19. c4 Qh5 20. Qe3 Raf8 21. f4 1/2-1/2

[Event "Maspalomas op"]
[Site "Maspalomas"]
[Date "2000.09.29"]
[Round "7"]
[White "Santo Roman, Marc"]
[Black "Villavicencio, Adalberto"]
[Result "1-0"]
[WhiteElo "2418"]
[BlackElo "2321"]
[PlyCount "102"]
[EventDate "2000.09.??"]
[Source "www.chesslib.no"]
[SourceDate "2004.05.04"]

1. e4 c5 2. Nf3 d6 3. d4 cxd4 4. Nxd4 Nf6 5. Nc3 a6 6. h3 e6 7. f4 Qc7 8. Bd3 Be7 9. Be3 Nbd7 10. g4 Nc5 11. g5 Nfd7 12. Qd2 b5 13. O-O b4 14. Nce2 Bb7 15. Ng3 d5 16. e5 g6 17. h4 Ne4 18. Qg2 Ndc5 19. Nge2 h6 20. Rfc1 hxg5 21. hxg5 Kf8 22. a3 bxa3 23. b4 Na4 24. Rxa3 Nac3 25. Nxc3 Nxc3 26. Bxg6 Nb5 27. Nxb5 axb5 28. Rxa8+ Bxa8 29. Bd3 Bxb4 30. Bd4 Bc3 31. Qf2 b4 32. Rf1 Bb7 33. Kg2 Bc6 34. Kg3 Rg8 35. Bxc3 bxc3 36. Qc5+ Kg7 37. Ra1 Rb8 38. Ra7 Rb7 39. Ra6 Be8 40. Qd4 Rb1 41. f5 exf5 42. Kg2 Re1 43. e6+ Qe5 44. Qxe5+ Rxe5 45. exf7 Bxf7 46. Kg3 Re6 47. Ra7 Kf8 48. Bxf5 Re7 49. Ra8+ Kg7 50. Kf4 Bg6 51. Bxg6 Kxg6 1-0

[Event "Needham, MA"]
[Site "?"]
[Date "1999.01.09"]
[Round "3"]
[White "Perelshteyn Eugene"]
[Black "Tylevich David"]
[Result "1-0"]
[WhiteElo "2496"]
[BlackElo "2243"]
[PlyCount "67"]
[EventDate "1999.??.??"]
[Source "www.chesslib.no"]
[SourceDate "2004.05.04"]

1. e4 c5 2. Nf3 d6 3. d4 cxd4 4. Nxd4 Nf6 5. Nc3 a6 6. h3 e5 7. Nde2 b5 8. g4 Bb7 9. Bg2 h6 10. O-O Nbd7 11. Ng3 Nc5 12. Be3 Ne6 13. Nd5 Nxd5 14. exd5 Nc5 15. Qe2 Nd7 16. a4 bxa4 17. Rxa4 Rc8 18. Rb4 Rc7 19. f4 Qa8 20. c4 f6 21. Qd3 Kd8 22. Ra4 exf4 23. Rxf4 Bc8 24. Qe2 Qb8 25. b4 Ne5 26. b5 axb5 27. cxb5 Bd7 28. Ra5 Rb7 29. Qa2 Qc7 30. b6 Qc3 31. Ra3 Qe1+ 32. Kh2 Ng6 33. Rf1 Qb4 34. Rb1 1-0

[Event "WYCC 2003 - G18"]
[Site "?"]
[Date "2003.10.25"]
[Round "3.1"]
[White "Tsereteli Tamari"]
[Black "Dzagnidze Nana"]
[Result "1/2-1/2"]
[WhiteElo "2286"]
[BlackElo "2452"]
[PlyCount "80"]
[EventDate "2003.??.??"]
[Source "www.chesslib.no"]
[SourceDate "2004.05.04"]

1. e4 c5 2. Nf3 d6 3. d4 cxd4 4. Nxd4 Nf6 5. Nc3 a6 6. h3 g6 7. g4 Bg7 8. g5 Nh5 9. Be2 e5 10. Nb3 Nf4 11. Nd5 Nc6 12. Bg4 O-O 13. c3 Qxg5 14. Bxf4 exf4 15. Nb6 Bxg4 16. Qxg4 Qxg4 17. hxg4 Rae8 18. f3 f5 19. gxf5 gxf5 20. Nd2 Ne5 21. Ke2 Re6 22. Nd5 Ng6 23. Kf2 Ne5 24. Ke2 fxe4 25. Nxe4 Rf5 26. Rad1 Nd7 27. Kf2 Nc5 28. Nxd6 Rf8 29. b4 Na4 30. Ne4 Nb2 31. Rb1 Nd3+ 32. Ke2 Ne5 33. Rxh7 Rf5 34. Rhh1 Nxf3 35. Kxf3 Rxd5 36. Rbd1 Rde5 37. Rd8+ Kf7 38. Rd7+ Kf8 39. Rh7 Rxe4 40. Rhxg7 Re3+ 1/2-1/2

[Event "Vojvodina Ch"]
[Site "JUG"]
[Date "1995.??.??"]
[Round "?"]
[White "Govedarica, Radovan"]
[Black "Perisic, Radivoj"]
[Result "1-0"]
[WhiteElo "2425"]
[BlackElo "2310"]
[PlyCount "51"]
[EventDate "1995.??.??"]
[Source "www.chesslib.no"]
[SourceDate "2004.05.04"]

1. e4 c5 2. Nf3 d6 3. d4 cxd4 4. Nxd4 Nf6 5. Nc3 a6 6. h3 e5 7. Nf3 h6 8. Bc4 Be6 9. Bxe6 fxe6 10. O-O Be7 11. Qe2 Qc7 12. Nh4 Kf7 13. f4 exf4 14. Rxf4 g6 15. Rf2 Kg7 16. e5 Nh7 17. exd6 Qxd6 18. Bf4 Qc5 19. Qxe6 Bf6 20. Ne4 Qc6 21. Bd6 Re8 22. Rxf6 Rxe6 23. Rxe6 Qb6+ 24. Kh1 Qb5 25. Re7+ Kg8 26. Be5 1-0

[Event "Schneider Memorial Open"]
[Site "Budapest HUN"]
[Date "1991.??.??"]
[Round "3"]
[White "Kiss, Laszlo"]
[Black "Moiseev, Viktor"]
[Result "1/2-1/2"]
[WhiteElo "2275"]
[BlackElo "2460"]
[PlyCount "89"]
[EventDate "1991.??.??"]
[Source "www.chesslib.no"]
[SourceDate "2004.05.04"]

1. e4 c5 2. Nf3 d6 3. d4 cxd4 4. Nxd4 Nf6 5. Nc3 a6 6. h3 g6 7. g4 Bg7 8. Bg2 O-O 9. O-O Bd7 10. Be3 Nc6 11. Qd2 Rc8 12. Nce2 Qc7 13. Rac1 b5 14. b3 Nxd4 15. Bxd4 Bc6 16. g5 Nd7 17. Bxg7 Kxg7 18. Nd4 Bb7 19. c4 bxc4 20. Rxc4 Qb8 21. Rfc1 Rxc4 22. Rxc4 Nc5 23. Ne2 e5 24. f4 exf4 25. Nxf4 Re8 26. h4 Kg8 27. Nd5 Bxd5 28. Qxd5 Qb6 29. Qd4 a5 30. Rc2 Re6 31. Kh1 Qb5 32. Rc4 Qe8 33. Qd5 Qf8 34. Qd2 Re5 35. Rd4 Nb7 36. Qc3 h6 37. Qc6 Re7 38. Rd5 hxg5 39. hxg5 Qd8 40. Rb5 Rc7 41. Qd5 Qd7 42. e5 Qf5 43. Qf3 Rc1+ 44. Kh2 Qxg5 45. Rxb7 1/2-1/2

[Event "RUS-ch sf"]
[Site "?"]
[Date "2003.??.??"]
[Round "8"]
[White "Romanov Evgeny"]
[Black "Okrugin Sergey"]
[Result "1-0"]
[WhiteElo "2329"]
[BlackElo "2392"]
[PlyCount "59"]
[EventDate "2003.??.??"]
[Source "www.chesslib.no"]
[SourceDate "2004.05.04"]

1. e4 c5 2. Nf3 d6 3. d4 cxd4 4. Nxd4 Nf6 5. Nc3 a6 6. h3 Nc6 7. g4 e6 8. g5 Nd7 9. Be3 Be7 10. Rg1 Qc7 11. f4 b5 12. a3 Bb7 13. Qd2 Nxd4 14. Bxd4 e5 15. Be3 exf4 16. Bxf4 Ne5 17. Rg3 O-O 18. O-O-O Rfe8 19. h4 Ng6 20. h5 Nxf4 21. Qxf4 Bf8 22. g6 fxg6 23. hxg6 hxg6 24. Rxg6 Re5 25. Bh3 Qf7 26. Qxe5 dxe5 27. Be6 b4 28. axb4 Bxb4 29. Bxf7+ Kxf7 30. Rb6 1-0

[Event "Open San Agustin"]
[Site "?"]
[Date "2003.08.17"]
[Round "3.4"]
[White "Mista Aleksander"]
[Black "Arguelles Garcia Pablo"]
[Result "1-0"]
[WhiteElo "2467"]
[BlackElo "2254"]
[PlyCount "77"]
[EventDate "2003.??.??"]
[Source "www.chesslib.no"]
[SourceDate "2004.05.04"]

1. e4 c5 2. Nf3 d6 3. d4 cxd4 4. Nxd4 Nf6 5. Nc3 a6 6. h3 b5 7. Nd5 Bb7 8. Nxf6+ gxf6 9. Bd3 Nc6 10. Nxc6 Bxc6 11. Qh5 Qc7 12. O-O e6 13. Bd2 Qb7 14. Rfe1 O-O-O 15. c4 f5 16. cxb5 axb5 17. Rac1 Kb8 18. Bg5 Rc8 19. Bf6 Rg8 20. f3 Rg6 21. Bg5 h6 22. Bd2 Be7 23. exf5 Rg3 24. Be4 Bxe4 25. Rxc8+ Qxc8 26. Rxe4 Qc2 27. f6 Kc7 28. Qxb5 d5 29. Ba5+ Kc8 30. Qe8+ Kb7 31. Qxe7+ Ka6 32. Qd6+ Kxa5 33. b4+ Kb5 34. Qb8+ Ka6 35. b5+ Ka5 36. Qa8+ Kxb5 37. a4+ Kb6 38. Rb4+ Kc7 39. Qb8+ 1-0

[Event "Esbjerg op"]
[Site "Esbjerg"]
[Date "1972.??.??"]
[Round "9"]
[White "Enevoldsen, Jens"]
[Black "Fedder, Steen"]
[Result "1-0"]
[WhiteElo "2350"]
[BlackElo "2370"]
[PlyCount "75"]
[EventDate "1972.??.??"]
[Source "ChessBase"]

1. e4 c5 2. Nf3 d6 3. d4 cxd4 4. Nxd4 Nf6 5. Nc3 a6 6. h3 e5 7. Nb3 Be7 8. g4 h6 9. Bg2 Nbd7 10. Be3 Qc7 11. Qe2 b5 12. O-O-O Bb7 13. f4 b4 14. Nd5 Nxd5 15. exd5 f6 16. fxe5 fxe5 17. Kb1 Nf6 18. Rhg1 Nd7 19. Qd3 a5 20. Qg6+ Kd8 21. Qxg7 Re8 22. Qg6 a4 23. Nd2 Rc8 24. Rc1 a3 25. c4 axb2 26. Rc2 Nc5 27. Bxc5 Qxc5 28. Rf1 Ba6 29. Ne4 Qc7 30. Kxb2 Bxc4 31. Rfc1 Qa5 32. Rxc4 Rxc4 33. Rxc4 Qa6 34. Rxb4 Qe2+ 35. Kb3 Qd3+ 36. Kb2 Qe2+ 37. Kc3 Qe1+ 38. Nd2 1-0

[Event "Tchigorine (memorial)"]
[Site "?"]
[Date "2004.10.24"]
[Round "9.38"]
[White "Molchanova Tatjana (RUS)"]
[Black "Vovk Yuri"]
[Result "1/2-1/2"]
[WhiteElo "2298"]
[BlackElo "2422"]
[PlyCount "136"]
[EventDate "2004.??.??"]
[Source "www.chesslib.no"]
[SourceDate "2004.05.04"]

1. e4 c5 2. Nf3 d6 3. d4 cxd4 4. Nxd4 Nf6 5. Nc3 a6 6. h3 e5 7. Nde2 Be7 8. g4 Nc6 9. Bg2 Be6 10. Be3 Rc8 11. O-O Nd7 12. Qd2 h5 13. g5 h4 14. b3 Qa5 15. Kh2 Nd4 16. Nxd4 exd4 17. Bxd4 Bxg5 18. f4 Bh6 19. Rad1 Ne5 20. Ne2 Qxd2 21. Rxd2 Ke7 22. Bb2 f6 23. Nd4 Rhd8 24. Re2 Nc6 25. Nxc6+ bxc6 26. e5 dxe5 27. fxe5 f5 28. Ba3+ c5 29. c4 a5 30. Bb2 Rd3 31. Rf3 Rxf3 32. Bxf3 Bf4+ 33. Kg2 g5 34. Ba3 g4 35. Bd5 Bg3 36. hxg4 fxg4 37. Bc1 Re8 38. Bc6 Rg8 39. Bd2 Bf5 40. Bd5 Rg6 41. Be3 Be6 42. Bxc5+ Kf7 43. Bd4 Rg5 44. Re4 Ke7 45. Be3 Rh5 46. Bxe6 Kxe6 47. Rxg4 h3+ 48. Kh1 Bxe5 49. Bf2 Rf5 50. Bg3 Rf1+ 51. Kh2 Rf2+ 52. Kxh3 Bxg3 53. Kxg3 Rxa2 54. Kf4 Rf2+ 55. Ke4 Rb2 56. Rg6+ Kd7 57. Rb6 a4 58. b4 Kc7 59. c5 a3 60. Kd5 Rb1 61. Ra6 Rxb4 62. Rxa3 Rh4 63. Ra7+ Kc8 64. Ra6 Rh5+ 65. Kc4 Kc7 66. Kb5 Rh1 67. Ra7+ Kb8 68. Rg7 Rh6 1/2-1/2

[Event "Bogota"]
[Site "Bogota COL"]
[Date "1976.04.17"]
[Round "7"]
[White "Castro, Oscar H"]
[Black "Martinez, Carlos Alejandro"]
[Result "0-1"]
[WhiteElo "2380"]
[BlackElo "2340"]
[PlyCount "106"]
[EventDate "1976.04.10"]
[Source "www.chesslib.no"]
[SourceDate "2004.05.04"]

1. e4 c5 2. Nf3 d6 3. d4 cxd4 4. Nxd4 Nf6 5. Nc3 a6 6. h3 g6 7. g4 Bg7 8. g5 Nh5 9. Be3 e5 10. Nde2 Be6 11. Qd2 O-O 12. O-O-O Nd7 13. Qxd6 Qa5 14. a3 Rfc8 15. Qd2 Nc5 16. Bg2 Bf8 17. Kb1 Na4 18. Nxa4 Qxa4 19. Nc3 Rxc3 20. Qxc3 Rc8 21. b3 Qxa3 22. Qb2 Qa5 23. Bd2 Qc5 24. Be3 Qa5 25. h4 Nf4 26. Bf3 b5 27. Bd2 Qc7 28. h5 gxh5 29. Rc1 a5 30. Bxh5 a4 31. Bf3 Ng6 32. Be2 Qb6 33. Be3 Qa5 34. bxa4 bxa4 35. c4 Qa8 36. Qc2 Rb8+ 37. Ka1 Rb3 38. Rb1 Bb4 39. Bd2 Ra3+ 40. Kb2 Rb3+ 41. Ka2 Ra3+ 42. Kb2 Rb3+ 43. Ka2 Bf8 44. Bc1 Nf4 45. Bb2 h6 46. Rbc1 Qa5 47. Rhd1 Qb4 48. Bf1 Qb6 49. Ka1 Bc5 50. Ka2 Bd4 51. Bxd4 exd4 52. Rb1 d3 53. Rxd3 Rxb1 0-1

[Event "Tashkent Agzamov Memorial"]
[Site "Tashkent UZB"]
[Date "1987.??.??"]
[Round "?"]
[White "Saltaev, Mihail"]
[Black "Loginov, Valery A"]
[Result "1/2-1/2"]
[WhiteElo "2365"]
[BlackElo "2355"]
[PlyCount "43"]
[EventDate "1987.12.??"]
[Source "www.chesslib.no"]
[SourceDate "2004.05.04"]

1. e4 c5 2. Nf3 d6 3. d4 cxd4 4. Nxd4 Nf6 5. Nc3 a6 6. h3 e6 7. Qf3 Qb6 8. Nb3 Qc7 9. g4 b5 10. g5 Nfd7 11. Bg2 Bb7 12. O-O g6 13. Be3 Bg7 14. Rad1 b4 15. Ne2 Ne5 16. Qg3 Nc4 17. Bc1 O-O 18. c3 a5 19. Nbd4 e5 20. Nc2 Nb6 21. Ne3 N8d7 22. Qh4 1/2-1/2

[Event "FRA-chT"]
[Site "FRA"]
[Date "1998.04.04"]
[Round "6"]
[White "Fontaine, Robert"]
[Black "Berend, Elvira S"]
[Result "1-0"]
[WhiteElo "2365"]
[BlackElo "2345"]
[PlyCount "67"]
[EventDate "1998.02.06"]
[Source "ChessBase"]
[SourceDate "1998.07.07"]

1. e4 c5 2. Nf3 d6 3. d4 cxd4 4. Nxd4 Nf6 5. Nc3 a6 6. h3 e5 7. Nde2 Be7 8. g4 Be6 9. Bg2 b5 10. Ng3 b4 11. Nd5 Nxd5 12. exd5 Bc8 13. O-O O-O 14. Bd2 Qb6 15. Be4 Bh4 16. Be3 Qd8 17. Qd2 a5 18. a3 Na6 19. axb4 Nxb4 20. Ra3 Qc7 21. Rfa1 Bxg3 22. fxg3 Qc4 23. Bg2 e4 24. c3 Nd3 25. Ra4 Qb5 26. Rxe4 Ne5 27. Bd4 f5 28. gxf5 Bxf5 29. Ree1 Nc4 30. Qg5 Bg6 31. Re7 Rf7 32. Rxf7 Kxf7 33. Rf1+ Kg8 34. Qe7 1-0

[Event "Bucharest Dreptatea"]
[Site "Bucharest ROM"]
[Date "1995.??.??"]
[Round "5"]
[White "Popescu, Daniel Dorin"]
[Black "Popescu, Cristian"]
[Result "1-0"]
[WhiteElo "2425"]
[BlackElo "2285"]
[PlyCount "86"]
[EventDate "1995.??.??"]
[Source "www.chesslib.no"]
[SourceDate "2004.05.04"]

1. e4 c5 2. Nf3 d6 3. Nc3 Nf6 4. d4 cxd4 5. Nxd4 a6 6. h3 g6 7. g4 Bg7 8. g5 Nh5 9. Nb3 b5 10. Be2 Bb7 11. Bxh5 gxh5 12. f3 Nd7 13. O-O Rc8 14. Ne2 Nb6 15. Ng3 Rg8 16. Nf5 Nc4 17. Nxg7+ Rxg7 18. Nd4 e5 19. Nf5 Rxg5+ 20. Bxg5 Qxg5+ 21. Kh1 Ne3 22. Nxe3 Qxe3 23. Qd3 Qf4 24. Rf2 Qg3 25. Rg2 Qxh3+ 26. Rh2 Qg3 27. Rg1 Qf4 28. Rh3 Ke7 29. c3 Rd8 30. Rxh5 h6 31. Qe2 Bc8 32. Qf2 Be6 33. Qh4+ Qxh4+ 34. Rxh4 d5 35. Rxh6 dxe4 36. fxe4 Rd2 37. Rh2 Rd3 38. Re1 a5 39. a3 Bd7 40. Kg1 b4 41. axb4 axb4 42. cxb4 Rb3 43. Rc2 Rxb4 1-0